000 00561nam a22001937a 4500
999 _c525511
_d525511
003 NUST
005 20190702111325.0
008 190702b ||||| |||| 00| 0 eng d
038 _awaseem
082 _a891.42
_bWAR
100 _aWark, Muhammad Azhar
_916410
245 _aDholiyaan Da Badshah /
_cMuhammad Azhar Wark
260 _aLahore :
_bShirqat Printing Press,
_c2010.
300 _a128 p. ;
500 _aHardcover.
880 _6100-02\r
_aمحمد اظہر ورکٔ
880 _6245-02\r
_a ڈھولیاں دا بادشاہ /
942 _2ddc
_cBK